00957nam a2200241Ia 4500003000400000005001700004008004100021020001800062040001800080041000800098082002200106100002600128245016500154250001200319260004400331300002600375650003300401650003500434650002700469942003100496999001900527952016900546OSt20250204114617.0210716s2013 xx 000 0 und d a9781782167266 cAIMIT LIBRARY aeng a006.671 21bBARR aBarton, Rick.9197439 aTalend open studio cookbook : bover 100 recipes to help you master talend open studio and become a more effective data integration developer /cBy Rick Barton. a1st ed. aMumbai :bPackt Publishing Ltd ,c2013. aiv,253p. ;bPBc24 cm aMetadata and schemas9197440 aWorking with databases9197441 aManaging files9197442 2ddccBKe1stk006.671 BARR c196259d196259 00102ddc40708MCAaAIMITbAIMITeKnowledge Worldg799.00iBill no:511; Bill dt:2018-03-05l0o006.671 BARRpMCA15774r2026-05-23 00:00:00v623.22w2021-07-16yBK